[Event "4. Moscu Open 2008"]
[Site "Moscu RUS"]
[Date "2008.02.07"]
[Round "6.87"]
[White "Slugin, Sergey"]
[Black "Urjubdshzirov, Erdni"]
[Result "0-1"]
[WhiteElo "2402"]
[BlackElo "2173"]
[PlyCount "97"]
[EventDate "2008.02.02"]
[EventType "swiss"]
[EventRounds "9"]
[EventCountry "RUS"]
[Source "lmi"]
[SourceDate "2008.02.02"]

1. d4 Nf6 2. c4 e6 3. Nf3 Bb4+ 4. Bd2 a5 5. g3 d5 6. Bg2 c6 7. O-O b6 8. Ne5
O-O 9. Qb3 Be7 10. Rd1 Ba6 11. Bf4 Nfd7 12. cxd5 cxd5 13. e4 Nxe5 14. Bxe5 dxe4
15. Bxe4 Nd7 16. Nc3 Rc8 17. Rac1 Bc4 18. Qc2 f5 19. Bg2 Nxe5 20. dxe5 Qe8 21.
Qd2 Bb5 22. Nd5 Bc5 23. Nf4 Kh8 24. h4 Rc7 25. a3 a4 26. Bf1 Bc6 27. Nd3 Bf3
28. Be2 Bd5 29. Qf4 Bb3 30. Re1 Qc8 31. Nxc5 Rxc5 32. Rxc5 Qxc5 33. Rc1 Qd5 34.
Rc7 Rg8 35. Qe3 h6 36. Bf3 Qd8 37. Rc6 b5 38. Qc3 f4 39. Rd6 Qe7 40. Qd3 fxg3
41. fxg3 Qa7+ 42. Kg2 Qc5 43. Qe3 Qc2+ 44. Qf2 Qf5 45. Qe3 Rf8 46. Rd2 Qb1 47.
Qd3 Qc1 48. Rf2 Bc4 49. Qd2 0-1

[Event "4. Moscu Open 2008"]
[Site "Moscu RUS"]
[Date "2008.02.07"]
[Round "6.88"]
[White "Kozlov, Gennady"]
[Black "Aleshin, Oleg"]
[Result "1-0"]
[WhiteElo "2224"]
[BlackElo "2398"]
[PlyCount "71"]
[EventDate "2008.02.02"]
[EventType "swiss"]
[EventRounds "9"]
[EventCountry "RUS"]
[Source "lmi"]
[SourceDate "2008.02.02"]

1. d4 Nf6 2. c4 e6 3. Nf3 b6 4. g3 Bb7 5. Bg2 Be7 6. O-O O-O 7. Nc3 Na6 8. Ne1
Bxg2 9. Nxg2 d5 10. cxd5 exd5 11. Bg5 c6 12. Qa4 Qc8 13. Rac1 Qb7 14. Rfd1 Nc7
15. e4 dxe4 16. Bxf6 gxf6 17. Nxe4 f5 18. Qxc6 Qxc6 19. Rxc6 fxe4 20. Rxc7 Bf6
21. b3 Rfd8 22. d5 Kf8 23. Ne3 b5 24. d6 Be5 25. Rc6 Rd7 26. Rd5 Re8 27. Ng4
Bb2 28. Rc7 Red8 29. Rxb5 Rxd6 30. Rbb7 Bd4 31. Rxf7+ Kg8 32. Rxh7 Rc8 33. Nh6+
Kf8 34. Nf5 Bxf2+ 35. Kxf2 Rc2+ 36. Ke3 1-0

[Event "4. Moscu Open 2008"]
[Site "Moscu RUS"]
[Date "2008.02.07"]
[Round "6.89"]
[White "Aldokhin, Ivan"]
[Black "Tonoian, Armen"]
[Result "1/2-1/2"]
[WhiteElo "2172"]
[BlackElo "2398"]
[PlyCount "43"]
[EventDate "2008.02.02"]
[EventType "swiss"]
[EventRounds "9"]
[EventCountry "RUS"]
[Source "lmi"]
[SourceDate "2008.02.02"]

1. e4 c5 2. b4 cxb4 3. a3 d5 4. exd5 Qxd5 5. Nf3 e6 6. Bb2 bxa3 7. Nxa3 Nc6 8.
Nb5 Qd8 9. Ne5 Nf6 10. Qf3 Bb4 11. Bd3 O-O 12. O-O a6 13. Nxc6 bxc6 14. Bxf6
Qxf6 15. Qxc6 Rb8 16. Qe4 g6 17. Qxb4 axb5 18. Ra5 Bd7 19. Qd6 Rfd8 20. Rb1 Be8
21. Qg3 b4 22. Ra2 1/2-1/2

[Event "4. Moscu Open 2008"]
[Site "Moscu RUS"]
[Date "2008.02.07"]
[Round "6.90"]
[White "Galiaev, Andrey"]
[Black "Bocharov, Dmitry"]
[Result "0-1"]
[WhiteElo "2314"]
[BlackElo "2600"]
[PlyCount "45"]
[EventDate "2008.02.02"]
[EventType "swiss"]
[EventRounds "9"]
[EventCountry "RUS"]
[Source "lmi"]
[SourceDate "2008.02.02"]

1. e4 c5 2. c3 Nf6 3. e5 Nd5 4. d4 cxd4 5. cxd4 d6 6. Nf3 Nc6 7. Nc3 dxe5 8.
dxe5 Nxc3 9. Qxd8+ Nxd8 10. bxc3 g6 11. Be3 Bg7 12. Bd4 O-O 13. Bd3 b6 14. a4
Bb7 15. a5 Ne6 16. axb6 axb6 17. O-O Rad8 18. Ra7 Bxf3 19. gxf3 Nxd4 20. cxd4
Rxd4 21. Be4 e6 22. Rb1 Bxe5 23. Rxb6 0-1

[Event "4. Moscu Open 2008"]
[Site "Moscu RUS"]
[Date "2008.02.07"]
[Round "6.91"]
[White "Kunin, Vitaly"]
[Black "Mishin, Alexei"]
[Result "1-0"]
[WhiteElo "2538"]
[BlackElo "2340"]
[PlyCount "63"]
[EventDate "2008.02.02"]
[EventType "swiss"]
[EventRounds "9"]
[EventCountry "RUS"]
[Source "lmi"]
[SourceDate "2008.02.02"]

1. d4 Nf6 2. c4 c5 3. d5 e5 4. Nc3 d6 5. e4 Be7 6. g3 O-O 7. Bg2 Ne8 8. Nge2 a6
9. O-O Nd7 10. a4 b6 11. f4 Rb8 12. Qd3 Nc7 13. b3 f5 14. exf5 exf4 15. Bxf4
Ne5 16. Bxe5 dxe5 17. g4 b5 18. axb5 axb5 19. Ne4 bxc4 20. bxc4 Ne8 21. Qc3 Rb4
22. Nc1 Nd6 23. Nxd6 Bxd6 24. Nd3 Qb6 25. Qc2 Ba6 26. Nxb4 cxb4+ 27. Kh1 Rc8
28. f6 g6 29. Qa4 Bxc4 30. Qd7 Qc7 31. Qe6+ Kf8 32. Ra7 1-0

[Event "4. Moscu Open 2008"]
[Site "Moscu RUS"]
[Date "2008.02.07"]
[Round "6.92"]
[White "Kachar, Vladimir"]
[Black "Demin, Vladimir"]
[Result "1/2-1/2"]
[WhiteElo "2342"]
[BlackElo "2459"]
[PlyCount "23"]
[EventDate "2008.02.02"]
[EventType "swiss"]
[EventRounds "9"]
[EventCountry "RUS"]
[Source "lmi"]
[SourceDate "2008.02.02"]

1. Nf3 d5 2. d4 Nf6 3. c4 c6 4. e3 a6 5. Qc2 Bg4 6. Nc3 e6 7. h3 Bf5 8. Qb3 b5
9. c5 Nbd7 10. a4 Be7 11. Be2 O-O 12. O-O 1/2-1/2

[Event "4. Moscu Open 2008"]
[Site "Moscu RUS"]
[Date "2008.02.07"]
[Round "6.93"]
[White "Umansky, Vladimir"]
[Black "Lushenkov, Mikhail"]
[Result "0-1"]
[WhiteElo "2333"]
[BlackElo "2458"]
[PlyCount "60"]
[EventDate "2008.02.02"]
[EventType "swiss"]
[EventRounds "9"]
[EventCountry "RUS"]
[Source "lmi"]
[SourceDate "2008.02.02"]

1. d4 Nf6 2. c4 e6 3. Nc3 Bb4 4. Bg5 h6 5. Bh4 c5 6. d5 d6 7. e3 Bxc3+ 8. bxc3
e5 9. Qc2 Qe7 10. Nf3 Nbd7 11. Nd2 e4 12. Be2 g5 13. Bg3 Nf8 14. h4 Rg8 15.
hxg5 hxg5 16. Rb1 Ng6 17. Qa4+ Kf8 18. Rb6 Ne5 19. Qa3 Kg7 20. Rb1 Bf5 21. Bxe5
dxe5 22. Kd1 b6 23. Kc2 Rh8 24. Rxh8 Rxh8 25. Nf1 Ne8 26. g4 Bg6 27. Qa4 Nd6
28. Ng3 Rh2 29. Rf1 Qf6 30. Qc6 Qe7 0-1

[Event "4. Moscu Open 2008"]
[Site "Moscu RUS"]
[Date "2008.02.07"]
[Round "6.94"]
[White "Konovalov, Nikolay"]
[Black "Romanko, Marina"]
[Result "1-0"]
[WhiteElo "2453"]
[BlackElo "2322"]
[PlyCount "57"]
[EventDate "2008.02.02"]
[EventType "swiss"]
[EventRounds "9"]
[EventCountry "RUS"]
[Source "lmi"]
[SourceDate "2008.02.02"]

1. d4 d5 2. c4 c6 3. Nc3 Nf6 4. e3 e6 5. b3 Nbd7 6. Bb2 Bd6 7. Nf3 O-O 8. Be2
b6 9. O-O Bb7 10. Qc2 Qe7 11. Rac1 Rac8 12. Rfd1 Rfd8 13. Qb1 h6 14. Bd3 a6 15.
Ne2 a5 16. Ng3 Ra8 17. a4 Ba3 18. Bxa3 Qxa3 19. e4 dxe4 20. Bxe4 Nxe4 21. Nxe4
c5 22. d5 exd5 23. Nd6 Ba6 24. Rxd5 Nf6 25. Rdd1 Qb4 26. Ne5 Rxd6 27. Rxd6 Bb7
28. Qb2 Be4 29. f3 1-0

[Event "4. Moscu Open 2008"]
[Site "Moscu RUS"]
[Date "2008.02.07"]
[Round "6.95"]
[White "Tarasov, Oleg"]
[Black "Sidorov, Anatoly"]
[Result "0-1"]
[WhiteElo "2341"]
[BlackElo "2443"]
[PlyCount "60"]
[EventDate "2008.02.02"]
[EventType "swiss"]
[EventRounds "9"]
[EventCountry "RUS"]
[Source "lmi"]
[SourceDate "2008.02.02"]

1. e4 c5 2. c3 e6 3. Nf3 Nc6 4. d4 cxd4 5. cxd4 d5 6. exd5 exd5 7. Bb5 Bd6 8.
O-O Bf5 9. Ne5 Nge7 10. Bf4 O-O 11. Bg3 f6 12. Nxc6 bxc6 13. Be2 Bxg3 14. hxg3
Qb6 15. Qd2 a5 16. b3 a4 17. bxa4 Rxa4 18. Rd1 Rb8 19. Nc3 Ra3 20. Rac1 Qb2 21.
Bf3 Qxd2 22. Rxd2 Rb4 23. Bd1 Kf7 24. Bb3 Ke6 25. f3 h5 26. Kf2 Kd6 27. Rh1 g6
28. Ne2 Bc8 29. Rhd1 Ra8 30. Nf4 Bd7 0-1

[Event "4. Moscu Open 2008"]
[Site "Moscu RUS"]
[Date "2008.02.07"]
[Round "6.96"]
[White "Isaev, Yuri"]
[Black "Nakhapetiane, Pogos"]
[Result "1/2-1/2"]
[WhiteElo "2328"]
[BlackElo "2442"]
[PlyCount "57"]
[EventDate "2008.02.02"]
[EventType "swiss"]
[EventRounds "9"]
[EventCountry "RUS"]
[Source "lmi"]
[SourceDate "2008.02.02"]

1. e4 e6 2. d4 d5 3. Nc3 Nf6 4. e5 Nfd7 5. Nf3 c5 6. dxc5 Bxc5 7. Bd3 Nc6 8.
Bf4 h6 9. O-O Nb4 10. Qd2 Nxd3 11. cxd3 a6 12. d4 Be7 13. Ne2 Qb6 14. Rac1 Nf8
15. Rc2 Bd7 16. Rfc1 Ba4 17. b3 Bc6 18. Ne1 Ng6 19. Be3 Ba3 20. Rb1 Bb5 21. Ng3
a5 22. Nd3 Bxd3 23. Qxd3 O-O 24. Nh5 Rfd8 25. b4 axb4 26. Bxh6 gxh6 27. Qe3 Kh7
28. Nf6+ Kg7 29. Nh5+ 1/2-1/2

[Event "4. Moscu Open 2008"]
[Site "Moscu RUS"]
[Date "2008.02.07"]
[Round "6.97"]
[White "Onoprienko, Vladimir"]
[Black "Lavrik, Dmitry"]
[Result "0-1"]
[WhiteElo "2318"]
[BlackElo "2434"]
[PlyCount "68"]
[EventDate "2008.02.02"]
[EventType "swiss"]
[EventRounds "9"]
[EventCountry "RUS"]
[Source "lmi"]
[SourceDate "2008.02.02"]

1. e4 e5 2. Nf3 Nc6 3. Bb5 a6 4. Ba4 d6 5. Bxc6+ bxc6 6. d4 f6 7. Nc3 g6 8. Be3
Nh6 9. h3 Nf7 10. Qd2 Bg7 11. O-O-O O-O 12. g4 Rb8 13. b3 d5 14. dxe5 fxe5 15.
exd5 cxd5 16. Qxd5 Bb7 17. Qc4 Qf6 18. Nd2 Bxh1 19. Rxh1 Kh8 20. Nce4 Qd8 21.
h4 Nd6 22. Qe6 Qe8 23. Qxe8 Rbxe8 24. c4 Nxe4 25. Nxe4 Rd8 26. Kc2 Kg8 27. b4
Rf3 28. Nd2 Rf7 29. h5 Bf8 30. hxg6 hxg6 31. a3 Rh7 32. Rb1 Bh6 33. Ne4 Bxe3
34. fxe3 Rh3 0-1

[Event "4. Moscu Open 2008"]
[Site "Moscu RUS"]
[Date "2008.02.07"]
[Round "6.98"]
[White "Gorbatov, Alexej"]
[Black "Omariev, Maksim"]
[Result "1-0"]
[WhiteElo "2384"]
[BlackElo "2242"]
[PlyCount "103"]
[EventDate "2008.02.02"]
[EventType "swiss"]
[EventRounds "9"]
[EventCountry "RUS"]
[Source "lmi"]
[SourceDate "2008.02.02"]

1. Nf3 Nf6 2. c4 c5 3. Nc3 e6 4. g3 b6 5. Bg2 Bb7 6. O-O Be7 7. b3 d5 8. e3 O-O
9. Bb2 dxc4 10. bxc4 Nc6 11. Qe2 Rc8 12. Ne1 Qd7 13. f4 Rfd8 14. d3 Nb4 15.
Bxb7 Qxb7 16. g4 a6 17. g5 Ne8 18. a3 Nc6 19. Rb1 Nd6 20. Ba1 Rb8 21. Rf3 f6
22. Rh3 fxg5 23. Qg4 Qd7 24. fxg5 g6 25. Qh4 Bf8 26. Ne4 Nxe4 27. Qxe4 Bg7 28.
Bxg7 Kxg7 29. Rf3 Rf8 30. Rxf8 Kxf8 31. Nf3 Qd6 32. a4 Kg8 33. Kg2 Ne7 34. Qe5
Rd8 35. Qxd6 Rxd6 36. Ne5 a5 37. Kf3 Nf5 38. Ke4 Kg7 39. Ng4 Rc6 40. Rb2 Nd6+
41. Kf3 Nf7 42. Rb3 Rd6 43. Nf6 Kh8 44. Ke4 h6 45. gxh6 Nxh6 46. d4 cxd4 47. c5
Rd8 48. cxb6 dxe3 49. Kxe3 Nf5+ 50. Ke4 Nd4 51. Rh3+ Kg7 52. Ne8+ 1-0

[Event "4. Moscu Open 2008"]
[Site "Moscu RUS"]
[Date "2008.02.07"]
[Round "6.99"]
[White "Kolomensky, Vladimir"]
[Black "Orlinkov, Maxim L"]
[Result "1/2-1/2"]
[WhiteElo "2258"]
[BlackElo "2384"]
[PlyCount "80"]
[EventDate "2008.02.02"]
[EventType "swiss"]
[EventRounds "9"]
[EventCountry "RUS"]
[Source "lmi"]
[SourceDate "2008.02.02"]

1. e4 e5 2. Nf3 d6 3. d4 exd4 4. Nxd4 Nf6 5. Nc3 Be7 6. Bc4 c6 7. a4 O-O 8. O-O
a5 9. Re1 Na6 10. Bf4 Re8 11. h3 Nb4 12. e5 dxe5 13. Bxe5 Rf8 14. Qe2 Nbd5 15.
Nxd5 cxd5 16. Bb3 Bc5 17. Rad1 Qb6 18. Qb5 Nd7 19. Qxb6 Nxb6 20. Nb5 Be6 21.
Bd4 Rac8 22. Nd6 Bxd6 23. Bxb6 Bc7 24. Bxc7 Rxc7 25. Rd4 Rc5 26. Red1 b5 27.
axb5 Rxb5 28. Ra1 Rc8 29. Rad1 h6 30. R1d2 Ra8 31. Kf1 g5 32. Ke2 Kg7 33. Kd1
Rc8 34. Re2 Kf6 35. Re3 Rb4 36. Red3 Ke5 37. Rxb4 axb4 38. Re3+ Kd4 39. Kd2 Rc6
40. Rf3 Ke5 1/2-1/2

[Event "4. Moscu Open 2008"]
[Site "Moscu RUS"]
[Date "2008.02.07"]
[Round "6.100"]
[White "Abasov, Nijat Azad"]
[Black "Loginov, Anton"]
[Result "1-0"]
[WhiteElo "2381"]
[BlackElo "2231"]
[PlyCount "137"]
[EventDate "2008.02.02"]
[EventType "swiss"]
[EventRounds "9"]
[EventCountry "RUS"]
[Source "lmi"]
[SourceDate "2008.02.02"]

1. e4 e5 2. Nf3 Nc6 3. Bb5 Nf6 4. Qe2 d6 5. O-O Bd7 6. c3 g6 7. d4 Qe7 8. Nbd2
Bg7 9. Re1 O-O 10. Nf1 Nh5 11. dxe5 Nxe5 12. Nxe5 dxe5 13. Be3 Be6 14. Red1 Bf6
15. Bc4 Ng7 16. Rd2 Rfd8 17. Rad1 a6 18. Bh6 b5 19. Bd5 Bxd5 20. Rxd5 c6 21.
R5d3 Rxd3 22. Rxd3 Rd8 23. Nd2 Ne6 24. Be3 Bg5 25. g3 Bxe3 26. Qxe3 Rxd3 27.
Qxd3 Qd8 28. Qe3 Qg5 29. Qxg5 Nxg5 30. Kg2 Ne6 31. Kf3 Kf8 32. Ke3 Ke7 33. f4
f6 34. f5 Nf8 35. fxg6 Nxg6 36. b4 Nf8 37. Nb3 Ne6 38. h4 Kd6 39. Kf3 Ke7 40.
Kg4 Kf7 41. Na5 c5 42. Nc6 cxb4 43. cxb4 Kg6 44. Nb8 Nc7 45. h5+ Kf7 46. Nd7
Ke7 47. Nc5 Kf7 48. Kf5 Ne8 49. Kg4 Nc7 50. a3 Ke7 51. h6 Kf7 52. Kh5 Ne6 53.
Nxa6 Nd4 54. Nc7 f5 55. exf5 e4 56. Nd5 Nxf5 57. Kg4 Ke6 58. Nc3 Ke5 59. Nxb5
Nd4 60. Nc3 e3 61. a4 e2 62. Nxe2 Nxe2 63. a5 Nc3 64. a6 Nb5 65. Kf3 Kd5 66. g4
Ke6 67. g5 Nd6 68. Kf4 Nf7 69. a7 1-0

[Event "4. Moscu Open 2008"]
[Site "Moscu RUS"]
[Date "2008.02.07"]
[Round "6.101"]
[White "Inants, Aghasi"]
[Black "Skomorokhin, Roman"]
[Result "0-1"]
[WhiteElo "2241"]
[BlackElo "2378"]
[PlyCount "74"]
[EventDate "2008.02.02"]
[EventType "swiss"]
[EventRounds "9"]
[EventCountry "RUS"]
[Source "lmi"]
[SourceDate "2008.02.02"]

1. d4 d5 2. Nf3 e6 3. c4 dxc4 4. Qa4+ Nd7 5. e4 a6 6. Bxc4 Rb8 7. Qc2 b5 8. Be2
Bb7 9. Be3 Rc8 10. Nc3 Ngf6 11. e5 Nd5 12. Nxd5 Bxd5 13. O-O c5 14. dxc5 Bxc5
15. Qd2 O-O 16. b4 Be7 17. Qb2 Nb6 18. Rac1 Nc4 19. Bxc4 Rxc4 20. Rxc4 bxc4 21.
b5 axb5 22. Qxb5 Qa8 23. Qb2 Rb8 24. Qc2 Qa3 25. Bd4 Bxf3 26. gxf3 Qxf3 27. Qc3
Qg4+ 28. Kh1 Rd8 29. Be3 Rd3 30. Qa5 Qf3+ 31. Kg1 h5 32. Qc7 Qg4+ 33. Kh1 Qe4+
34. Kg1 Bd8 35. Qb8 h4 36. h3 Kh7 37. Qc8 Rxe3 0-1

[Event "4. Moscu Open 2008"]
[Site "Moscu RUS"]
[Date "2008.02.07"]
[Round "6.102"]
[White "Guerrero, Juan Carlos"]
[Black "Hambardzumian, Yuri"]
[Result "0-1"]
[WhiteElo "2196"]
[BlackElo "2378"]
[PlyCount "64"]
[EventDate "2008.02.02"]
[EventType "swiss"]
[EventRounds "9"]
[EventCountry "RUS"]
[Source "lmi"]
[SourceDate "2008.02.02"]

1. d4 Nf6 2. c4 g6 3. Nc3 Bg7 4. e4 d6 5. Be2 O-O 6. Nf3 e5 7. O-O Nc6 8. d5
Ne7 9. b4 Nh5 10. Re1 f5 11. Ng5 Nf6 12. c5 h6 13. cxd6 cxd6 14. Nf3 f4 15. b5
g5 16. Ba3 Ng6 17. Nd2 g4 18. Nc4 f3 19. Bf1 fxg2 20. Bxg2 Ne8 21. Rc1 h5 22.
Ne2 Qf6 23. Rf1 Nh4 24. Rc3 Bd7 25. Qb3 Qg6 26. Qb1 Rc8 27. Bc1 Nf3+ 28. Kh1
Nd4 29. Qb2 h4 30. Kg1 Nf3+ 31. Kh1 Nd4 32. Kg1 Nf6 0-1

[Event "4. Moscu Open 2008"]
[Site "Moscu RUS"]
[Date "2008.02.07"]
[Round "6.103"]
[White "Venevtsev, Andrey"]
[Black "Novgorodskij, Vladimir"]
[Result "0-1"]
[WhiteElo "2178"]
[BlackElo "2370"]
[PlyCount "92"]
[EventDate "2008.02.02"]
[EventType "swiss"]
[EventRounds "9"]
[EventCountry "RUS"]
[Source "lmi"]
[SourceDate "2008.02.02"]

1. e4 c5 2. Nf3 e6 3. d4 cxd4 4. Nxd4 Nc6 5. Nc3 Qc7 6. Nxc6 dxc6 7. Bd3 e5 8.
O-O Nf6 9. Kh1 Bd6 10. Bg5 Bg4 11. f3 Be6 12. Qe2 Nd7 13. Bc4 Nc5 14. Rad1 O-O
15. Be3 Bxc4 16. Qxc4 Ne6 17. a4 Rfd8 18. Rd2 a6 19. Rfd1 b5 20. Qe2 Bb4 21.
Rxd8+ Rxd8 22. axb5 axb5 23. Na2 Be7 24. Nc1 h6 25. c3 Ra8 26. Qc2 Bg5 27. Bxg5
hxg5 28. Nd3 c5 29. Nf2 c4 30. Ng4 Qc5 31. h4 gxh4 32. Kh2 Nf4 33. Qd2 Qe7 34.
Ne3 Qg5 35. Ng4 Qe7 36. Ne3 Nd3 37. b3 Qg5 38. bxc4 bxc4 39. Nxc4 Qg3+ 40. Kg1
h3 41. Rf1 Rb8 42. Kh1 Rb1 43. Rxb1 Nf2+ 44. Qxf2 Qxf2 45. Rg1 hxg2+ 46. Rxg2
Qf1+ 0-1

[Event "4. Moscu Open 2008"]
[Site "Moscu RUS"]
[Date "2008.02.07"]
[Round "6.104"]
[White "Kislov, Oleg"]
[Black "Usov, Ilia Nik"]
[Result "0-1"]
[WhiteElo "2358"]
[BlackElo "2028"]
[PlyCount "42"]
[EventDate "2008.02.02"]
[EventType "swiss"]
[EventRounds "9"]
[EventCountry "RUS"]
[Source "lmi"]
[SourceDate "2008.02.02"]

1. e4 c5 2. Nf3 d6 3. c3 g6 4. d4 cxd4 5. cxd4 Bg7 6. Nc3 Bg4 7. Bc4 Nf6 8. Qb3
O-O 9. e5 dxe5 10. dxe5 Ne8 11. Ng5 e6 12. Qxb7 Nd7 13. f4 Rc8 14. Bb5 Nc5 15.
Qxa7 Qd4 16. Qa5 Nd6 17. exd6 Nd3+ 18. Bxd3 Qxd3 19. Nf3 Rxc3 20. bxc3 Bxf3 21.
gxf3 Bxc3+ 0-1

[Event "4. Moscu Open 2008"]
[Site "Moscu RUS"]
[Date "2008.02.07"]
[Round "6.105"]
[White "Ezhikov, Vitaly"]
[Black "Nezad, Husein Aziz"]
[Result "0-1"]
[WhiteElo "2314"]
[BlackElo "2355"]
[PlyCount "86"]
[EventDate "2008.02.02"]
[EventType "swiss"]
[EventRounds "9"]
[EventCountry "RUS"]
[Source "lmi"]
[SourceDate "2008.02.02"]

1. d4 d5 2. Nf3 Nf6 3. c4 c6 4. Nc3 e6 5. cxd5 exd5 6. Bf4 Bf5 7. e3 Qb6 8. Qc1
Nbd7 9. Be2 Be7 10. O-O O-O 11. a3 a5 12. Na4 Qd8 13. Ne5 Re8 14. Bd3 Bxd3 15.
Nxd3 Ne4 16. h3 Bd6 17. Bxd6 Nxd6 18. b3 Re6 19. Nac5 Nxc5 20. Qxc5 h5 21. Qc2
Qg5 22. Nf4 Rh6 23. Qd1 Re8 24. g3 Nf5 25. Ng2 Re4 26. b4 Re8 27. bxa5 Ra8 28.
Rb1 Nd6 29. a4 Rxa5 30. Rb4 Ra7 31. Qb1 Re6 32. Qd1 Re8 33. Nf4 g6 34. Kh2 Qe7
35. Nd3 Rea8 36. Nc5 h4 37. g4 Nc4 38. Qc2 b6 39. Nd3 c5 40. Rb5 Rxa4 41. dxc5
Ra2 42. Qc3 Qxe3 43. Re1 Rxf2+ 0-1

[Event "4. Moscu Open 2008"]
[Site "Moscu RUS"]
[Date "2008.02.07"]
[Round "6.106"]
[White "Markevich, Arseniy"]
[Black "Prokopchuk, Yury"]
[Result "0-1"]
[WhiteElo "2054"]
[BlackElo "2346"]
[PlyCount "90"]
[EventDate "2008.02.02"]
[EventType "swiss"]
[EventRounds "9"]
[EventCountry "RUS"]
[Source "lmi"]
[SourceDate "2008.02.02"]

1. d4 Nf6 2. Nf3 e6 3. Bg5 h6 4. Bh4 b6 5. e3 Bb7 6. Bd3 Be7 7. O-O O-O 8. Nbd2
c5 9. c3 d6 10. Qe2 Nbd7 11. e4 cxd4 12. cxd4 e5 13. a4 Nh5 14. Bxe7 Qxe7 15.
g3 Nhf6 16. d5 a5 17. Nc4 Ba6 18. Nfd2 Nc5 19. b3 Nxd3 20. Qxd3 Nd7 21. Qe3 Nc5
22. f4 exf4 23. gxf4 Bxc4 24. bxc4 Rfe8 25. Rfe1 Qd7 26. Ra3 Re7 27. f5 f6 28.
Qf4 Rae8 29. Kh1 Re5 30. Rae3 Qxa4 31. Rg1 Kh7 32. Qg4 Qd7 33. Qg6+ Kh8 34. Rh3
R5e7 35. Rg4 a4 36. Rgh4 Ra8 37. e5 dxe5 38. d6 Rf7 39. Nf3 Nd3 40. Qg2 Nf4 41.
Rxf4 exf4 42. Ne5 fxe5 43. Qxa8+ Kh7 44. Ra3 Qxf5 45. Qxa4 f3 0-1

[Event "4. Moscu Open 2008"]
[Site "Moscu RUS"]
[Date "2008.02.07"]
[Round "6.107"]
[White "Alavkin, Arseny"]
[Black "Zhadanov, Vasili B"]
[Result "1-0"]
[WhiteElo "2429"]
[BlackElo "2164"]
[PlyCount "69"]
[EventDate "2008.02.02"]
[EventType "swiss"]
[EventRounds "9"]
[EventCountry "RUS"]
[Source "lmi"]
[SourceDate "2008.02.02"]

1. e4 e6 2. d4 d5 3. e5 c5 4. c3 Qb6 5. Nf3 Bd7 6. Be2 cxd4 7. cxd4 Bb5 8.
Bxb5+ Qxb5 9. Nc3 Qa6 10. Ne2 Bb4+ 11. Bd2 Bxd2+ 12. Qxd2 Ne7 13. O-O Nbc6 14.
Nf4 O-O 15. Nh5 Kh8 16. h4 Rac8 17. Rfc1 Qb6 18. Rc3 Nf5 19. Rac1 Qd8 20. Qf4
Qe7 21. g4 Nxh4 22. Nxh4 Qxh4 23. Kg2 f5 24. exf6 gxf6 25. Rh3 Qg5 26. Rch1
Qxf4 27. Nxf4 Rf7 28. Nxe6 Re8 29. Re3 f5 30. Ng5 Rfe7 31. Rxh7+ Kg8 32. gxf5
Rxe3 33. fxe3 Rxe3 34. f6 Nd8 35. Re7 1-0

[Event "4. Moscu Open 2008"]
[Site "Moscu RUS"]
[Date "2008.02.07"]
[Round "6.108"]
[White "Orlov, Nikolay I"]
[Black "Iskusnyh, Sergei"]
[Result "0-1"]
[WhiteElo "2314"]
[BlackElo "2478"]
[PlyCount "98"]
[EventDate "2008.02.02"]
[EventType "swiss"]
[EventRounds "9"]
[EventCountry "RUS"]
[Source "lmi"]
[SourceDate "2008.02.02"]

1. d4 d5 2. c4 c6 3. Nf3 Nf6 4. Qb3 dxc4 5. Qxc4 Bf5 6. Nc3 e6 7. g3 Nbd7 8.
Bg2 Be7 9. O-O O-O 10. Qb3 Qb6 11. Qxb6 axb6 12. Bf4 b5 13. Nh4 b4 14. Nxf5
exf5 15. Nd1 Nb6 16. Ne3 g6 17. Bg5 Rfd8 18. Rfd1 Kf8 19. Nc2 Nfd5 20. Bxe7+
Kxe7 21. Rd3 Ra4 22. Rb3 Rda8 23. a3 Kd6 24. Rd1 bxa3 25. Nxa3 Rb4 26. Rxb4
Nxb4 27. e3 Ra4 28. Bf1 f6 29. Nc4+ Nxc4 30. Bxc4 Nd5 31. Bd3 b5 32. Kf1 Nb6
33. Ke1 Ra2 34. Rd2 Kd5 35. Rc2 Na4 36. b3 Ra1+ 37. Kd2 Nb6 38. Be2 Kd6 39. Bf3
Nd5 40. Bxd5 Kxd5 41. Rc5+ Kd6 42. Rc1 Rxc1 43. Kxc1 g5 44. f3 g4 45. Kd2 gxf3
46. Ke1 c5 47. dxc5+ Kxc5 48. Kf2 Kb4 49. Kxf3 Kxb3 0-1

[Event "4. Moscu Open 2008"]
[Site "Moscu RUS"]
[Date "2008.02.07"]
[Round "6.110"]
[White "Neshkov, Vladislav"]
[Black "Tologontegin, Semetery"]
[Result "1-0"]
[WhiteElo "2180"]
[BlackElo "2407"]
[PlyCount "87"]
[EventDate "2008.02.02"]
[EventType "swiss"]
[EventRounds "9"]
[EventCountry "RUS"]
[Source "lmi"]
[SourceDate "2008.02.02"]

1. c4 e5 2. g3 g6 3. Bg2 Bg7 4. Nc3 Ne7 5. Rb1 a5 6. Nf3 O-O 7. O-O Nbc6 8. a3
f5 9. d3 d6 10. Nd2 Be6 11. Nd5 Qd7 12. Nxe7+ Qxe7 13. b4 axb4 14. axb4 g5 15.
b5 Nd8 16. Bb2 g4 17. Qb3 f4 18. Ra1 Rb8 19. Bd5 Bxd5 20. cxd5 Qg5 21. Ne4 Qh6
22. Rfc1 fxg3 23. Nxg3 Rxf2 24. Kxf2 Qxh2+ 25. Ke1 Qxg3+ 26. Kd1 Rc8 27. Qc4 h5
28. Kc2 Qe3 29. Kb3 Nf7 30. Rh1 Qxe2 31. Rxh5 Nh6 32. Qe4 Qf3 33. Bc1 Nf7 34.
Rh4 c6 35. Rxg4 Qd1+ 36. Kb4 cxd5 37. Qg2 Qe1+ 38. Qd2 Qh1 39. Bb2 Qh6 40. Qg2
Nd8 41. Rh1 Qf6 42. Rf1 Qe7 43. Qxd5+ Ne6 44. Rg6 1-0

[Event "4. Moscu Open 2008"]
[Site "Moscu RUS"]
[Date "2008.02.07"]
[Round "6.111"]
[White "Yudin, Ivan"]
[Black "Nyzhnyk, Illya"]
[Result "0-1"]
[WhiteElo "2176"]
[BlackElo "2405"]
[PlyCount "76"]
[EventDate "2008.02.02"]
[EventType "swiss"]
[EventRounds "9"]
[EventCountry "RUS"]
[Source "lmi"]
[SourceDate "2008.02.02"]

1. d4 Nf6 2. c4 e6 3. Nc3 Bb4 4. f3 O-O 5. e4 d5 6. e5 Nfd7 7. cxd5 exd5 8. f4
c5 9. Nf3 Nc6 10. Be3 cxd4 11. Nxd4 Nc5 12. g3 Ne4 13. Rc1 Qa5 14. Qb3 Qc5 15.
Nc2 Bxc3+ 16. bxc3 Qxc3+ 17. Qxc3 Nxc3 18. a3 Bf5 19. Nd4 Nxd4 20. Bxd4 Nb1 21.
Bg2 Nxa3 22. O-O Nb5 23. Bc5 Rfd8 24. Rfd1 Rac8 25. Bf1 Bg4 26. Re1 a6 27. Bxb5
axb5 28. Bd6 Bf5 29. Red1 Be4 30. Kf2 Rc4 31. Ke3 Rdc8 32. Rxc4 bxc4 33. Kd4 c3
34. Bc5 c2 35. Rc1 b5 36. g4 b4 37. Ra1 b3 38. Ba3 Ra8 0-1

[Event "4. Moscu Open 2008"]
[Site "Moscu RUS"]
[Date "2008.02.07"]
[Round "6.112"]
[White "Shefer, Alexander"]
[Black "Purtov, Andrei"]
[Result "0-1"]
[WhiteElo "2113"]
[BlackElo "2403"]
[PlyCount "88"]
[EventDate "2008.02.02"]
[EventType "swiss"]
[EventRounds "9"]
[EventCountry "RUS"]
[Source "lmi"]
[SourceDate "2008.02.02"]

1. d4 Nf6 2. c4 g6 3. Nc3 Bg7 4. e4 d6 5. Nf3 O-O 6. Be2 e5 7. O-O Nc6 8. d5
Ne7 9. Ne1 Nd7 10. Be3 f5 11. f3 f4 12. Bf2 g5 13. a4 Ng6 14. b4 Rf7 15. Nd3
Nf6 16. c5 h5 17. cxd6 cxd6 18. Nb5 g4 19. Bxa7 g3 20. Bb6 gxh2+ 21. Kxh2 Ng4+
22. fxg4 Qh4+ 23. Kg1 hxg4 24. Ne1 Bf8 25. Nf3 gxf3 26. Bxf3 Rh7 27. Qe1 Qh2+
28. Kf2 Be7 29. Ke2 Bg4 30. Qf2 Bd7 31. Nc3 Re8 32. Qe1 Bh4 33. Bf2 Bxf2 34.
Kxf2 Nh4 35. Rh1 Qg3+ 36. Ke2 Qg5 37. Qf2 Kf8 38. Rh2 Ke7 39. Rah1 Reh8 40. Qb6
Rh6 41. Qf2 Qg3 42. Qe1 Qxe1+ 43. Rxe1 Nxf3 44. Rxh6 Nd4+ 0-1